Amor y responsabilidad / (Registro nro. 26925)
[ vista simple ]
| 000 -LEADER | |
|---|---|
| fixed length control field | 01323cam a2200373 i 4500 |
| 001 - CONTROL NUMBER | |
| control field | 26925 |
| 003 - CONTROL NUMBER IDENTIFIER | |
| control field | Mx-PuUPA |
| 005 - DATE AND TIME OF LATEST TRANSACTION | |
| control field | 20250325132756.0 |
| 008 - FIXED-LENGTH DATA ELEMENTS--GENERAL INFORMATION | |
| fixed length control field | 140415s2023 sp gr 000 0 spa d |
| 017 ## - COPYRIGHT OR LEGAL DEPOSIT NUMBER | |
| Copyright or legal deposit number | M. 36.576-2016 |
| 020 ## - INTERNATIONAL STANDARD BOOK NUMBER | |
| International Standard Book Number | 9788490614822 |
| 040 ## - CATALOGING SOURCE | |
| Transcribing agency | Mx-PuUPA |
| Original cataloging agency | Mx-PuUPA |
| Language of cataloging | spa |
| Modifying agency | Mx-PuUPA |
| Description conventions | rda |
| 041 1# - LANGUAGE CODE | |
| Language code of text/sound track or separate title | spa |
| Language code of original | pl |
| 100 0# - MAIN ENTRY--PERSONAL NAME | |
| Personal name | John Paul, |
| Numeration | II, |
| Titles and words associated with a name | Pope, |
| Dates associated with a name | 1920-2005 |
| Relator term | autor |
| 9 (RLIN) | 17 |
| 240 10 - UNIFORM TITLE | |
| Uniform title | Mittosc i odpowedzialnosc. |
| Language of a work | Español |
| 245 10 - TITLE STATEMENT | |
| Title | Amor y responsabilidad / |
| Statement of responsibility, etc. | Karol Wojtyla |
| 250 ## - EDITION STATEMENT | |
| Edition statement | Octava edición |
| 264 #1 - PRODUCTION, PUBLICATION, DISTRIBUTION, MANUFACTURE, AND COPYRIGHT NOTICE | |
| Place of production, publication, distribution, manufacture | Madrid, España : |
| Name of producer, publisher, distributor, manufacturer | Biblioteca Palabra, |
| Date of production, publication, distribution, manufacture, or copyright notice | 2023 |
| 300 ## - PHYSICAL DESCRIPTION | |
| Extent | 379 páginas ; |
| Dimensions | 21 cm |
| 336 ## - CONTENT TYPE | |
| Fuente | rdacontent |
| Content type term | texto |
| Content type code | txt |
| 337 ## - MEDIA TYPE | |
| Source | rdamedia |
| Media type term | sin medio |
| Media type code | n |
| 338 ## - CARRIER TYPE | |
| Source | rdacarrier |
| Carrier type term | volumen |
| Carrier type code | nc |
| 490 0# - SERIES STATEMENT | |
| Series statement | Biblioteca Palabra ; |
| Volume/sequential designation | 35 |
| 490 0# - SERIES STATEMENT | |
| Series statement | Pensamiento |
| 650 #7 - SUBJECT ADDED ENTRY--TOPICAL TERM | |
| Source of heading or term | armarc |
| Topical term or geographic name entry element | Amor (Teología) |
| 650 #7 - SUBJECT ADDED ENTRY--TOPICAL TERM | |
| Source of heading or term | armarc |
| Topical term or geographic name entry element | Teología moral |
| 650 #7 - SUBJECT ADDED ENTRY--TOPICAL TERM | |
| Source of heading or term | armarc |
| Topical term or geographic name entry element | Moral sexual |
| 650 #7 - SUBJECT ADDED ENTRY--TOPICAL TERM | |
| Source of heading or term | armarc |
| Topical term or geographic name entry element | Sexualidad |
| General subdivision | Aspectos religiosos |
| -- | Iglesia católica |
| 765 0# - ORIGINAL LANGUAGE ENTRY | |
| Main entry heading | John Paul, II, Pope, 1920-2005 |
| Place, publisher, and date of publication | Ciudad del Vaticano : Libreria Editrice Vaticana, 1979 |
| Title | Mittosc i odpowedzialnosc. |
| 942 ## - ADDED ENTRY ELEMENTS (KOHA) | |
| Source of classification or shelving scheme | Dewey Decimal Classification |
| Koha item type | Libro |
| Classification part | 231.6 |
| Item part | J65 |
| Withdrawn status | Lost status | Source of classification or shelving scheme | Damaged status | Not for loan | Collection code | Home library | Current library | Shelving location | Date acquired | Source of acquisition | Cost, normal purchase price | Total Checkouts | Full call number | Barcode | Date last seen | Cost, replacement price | Price effective from | Koha item type |
|---|---|---|---|---|---|---|---|---|---|---|---|---|---|---|---|---|---|---|
| Dewey Decimal Classification | Consulta en sala | Karol Wojtyla | Biblioteca Karol Wojtyla | Biblioteca Karol Wojtyla | Sala "Colecciones Especiales" | 06/03/2025 | 1 | 690.00 | 231.6 J65 2023 | 105943 | 19/03/2026 | 690.00 | 06/03/2025 | Libro |